[Event "Stay Safe Play From Home 137"]
[Site "T#645928Emanuel Laske"]
[Date "2020.05.10"]
[Round "6"]
[White "Tropic Thunder"]
[Black "SecantFX"]
[Result "1-0"]
[WhiteElo "2164"]
[BlackElo "1858"]
[Annotator "RC"]
[PlyCount "105"]
[EventDate "2020.05.10"]
[EventType "swiss (blitz)"]

1. g3 {[%emt 0:00:01]} b6 {[%emt 0:00:00]} 2. Bg2 {[%emt 0:00:00]} c6 {[%emt 0:00:00]} 3. d4 {[%emt 0:00:01]} g6 {[%emt 0:00:01]} 4. e3 {[%emt 0:00:00]} e6 {[%emt 0:00:00]} 5. Ne2 {[%emt 0:00:00]} Bg7 {[%emt 0:00:00]} 6. O-O {[%emt 0:00:00]} Ne7 {[%emt 0:00:00]} 7. c4 {[%emt 0:00:00]} O-O {[%emt 0:00:00]} 8. Nbc3 {[%emt 0:00:00]} d5 {[%emt 0:00:00]} 9. cxd5 {[%emt 0:00:01]} cxd5 {[%emt 0:00:00]} 10. e4 {[%emt 0:00:00]} Ba6 {[%emt 0:00:00]} 11. e5 {[%emt 0:00:00]} Nbc6 {[%emt 0:00:02]} 12. Bg5 {[%emt 0:00:01]} h6 {[%emt 0:00:01]} 13. Bxe7 {[%emt 0:00:01]} Nxe7 {[%emt 0:00:01]} 14. Re1 {[%emt 0:00:00]} Nf5 {[%emt 0:00:01]} 15. h3 {[%emt 0:00:01]} Re8 {[%emt 0:00:02]} 16. Nf4 {[%emt 0:00:02]} Kh7 {[%emt 0:00:02]} 17. Qg4 {[%emt 0:00:02]} h5 {[%emt 0:00:03]} 18. Nxh5 {[%emt 0:00:01]} gxh5 {[%emt 0:00:01]} 19. Qxh5+ {[%emt 0:00:00]} Nh6 {[%emt 0:00:00]} 20. g4 {[%emt 0:00:02]} Rf8 {[%emt 0:00:02]} 21. g5 {[%emt 0:00:01]} f5 {[%emt 0:00:03]} 22. exf6 {[%emt 0:00:01]} Bxf6 {[%emt 0:00:02]} 23. Qxh6+ {[%emt 0:00:01]} Kg8 {[%emt 0:00:00]} 24. g6 {[%emt 0:00:03]} Qe7 {[%emt 0:00:03]} 25. Bxd5 {[%emt 0:00:01]} Bc8 {[%emt 0:00:04]} 26. Bxa8 {[%emt 0:00:01]} Qg7 {[%emt 0:00:01]} 27. Qxg7+ {[%emt 0:00:01]} Kxg7 {[%emt 0:00:01]} 28. d5 {[%emt 0:00:00]} exd5 {[%emt 0:00:01]} 29. Bxd5 {[%emt 0:00:01]} Bxc3 {[%emt 0:00:01]} 30. Be6 {[%emt 0:00:00]} Bxe1 {[%emt 0:00:03]} 31. Bxc8 {[%emt 0:00:01]} Bxf2+ {[%emt 0:00:01]} 32. Kg2 {[%emt 0:00:01]} Rxc8 {[%emt 0:00:01]} 33. Kxf2 {[%emt 0:00:01]} Rc2+ {[%emt 0:00:02]} 34. Kf3 {[%emt 0:00:01]} Kxg6 {[%emt 0:00:01]} 35. b3 {[%emt 0:00:03]} Kh5 {[%emt 0:00:01]} 36. Kg3 {[%emt 0:00:01]} Rc3+ {[%emt 0:00:01]} 37. Kg2 {[%emt 0:00:01]} Kh4 {[%emt 0:00:00]} 38. Rf1 {[%emt 0:00:01]} Rg3+ {[%emt 0:00:01]} 39. Kf2 {[%emt 0:00:01]} Kxh3 {[%emt 0:00:02]} 40. Rh1+ {[%emt 0:00:01]} Kg4 {[%emt 0:00:01]} 41. Ke2 {[%emt 0:00:01]} Rg2+ {[%emt 0:00:01]} 42. Kd3 {[%emt 0:00:01]} Rxa2 {[%emt 0:00:00]} 43. Kc4 {[%emt 0:00:00]} Rc2+ {[%emt 0:00:01]} 44. Kb4 {[%emt 0:00:01]} a5+ {[%emt 0:00:02]} 45. Ka4 {[%emt 0:00:00]} Rc5 {[%emt 0:00:02]} 46. Rg1+ {[%emt 0:00:01]} Kf3 {[%emt 0:00:01]} 47. Rg6 {[%emt 0:00:01]} b5+ {[%emt 0:00:03]} 48. Kxa5 {[%emt 0:00:01]} Rd5 {[%emt 0:00:01]} 49. b4 {[%emt 0:00:01]} Ke4 {[%emt 0:00:01]} 50. Rb6 {[%emt 0:00:00]} Kd4 {[%emt 0:00:01]} 51. Rxb5 {[%emt 0:00:00]} Rd8 {[%emt 0:00:00]} 52. Rb6 {[%emt 0:00:01]} Kc4 {[%emt 0:00:01]} 53. b5 {[%emt 0:00:00] Time (Lag: Av=0.80s, max=1.3s)} 1-0

[Event "Stay Safe Play From Home 137"]
[Site "T#645928Emanuel Laske"]
[Date "2020.05.10"]
[Round "6"]
[White "Lazieri3"]
[Black "Greblha"]
[Result "1-0"]
[WhiteElo "2000"]
[BlackElo "1991"]
[Annotator "TA"]
[PlyCount "129"]
[EventDate "2020.05.10"]
[EventType "swiss (blitz)"]

{[%evp 15,129,41,40,30,34,30,31,0,0,0,0,0,32,14,44,0,-2,-14,-12,-47,-4,0,0,0,4,-22,-22,-22,0,-22,0,-8,0,0,0,-53,-22,-105,-102,-90,-89,-91,-67,-73,-43,-60,-20,-41,-52,-91,-46,-49,-69,-126,-126,-126,-126,-107,-116,-133,0,0,0,0,0,0,0,0,0,0,0,0,0,0,1,1,4,6,29977,29978,29967,2,4,0,0,0,0,0,1526,5,29975,29976,29975,29977,29977,29978,29979,0,0,0,0,0,0,0,0,0,0,0,0,0,0,0,0,0,0,0]} 1. e4 c6 2. Nc3 d5 3. d4 dxe4 4. Nxe4 Nf6 5. Nxf6+ gxf6 6. Nf3 Bg4 7. Be2 e6 8. h3 Bh5 9. Bf4 {B16: Caro-Kann: Bronstein-Larsen Variation.} (9. O-O {with more complications.} Qc7 10. c4 Nd7 11. Qc2 O-O-O 12. Rd1) 9... Bd6 10. Bxd6 Qxd6 11. c3 {White is slightly better.} Nd7 12. Nd2 Bxe2 13. Qxe2 {[#]} f5 $146 ({Predecessor:} 13... Qd5 14. Qe4 h6 15. Qxd5 cxd5 16. O-O O-O 17. Rfe1 Rac8 18. Re3 Rc7 {1-0 (35) Haimerl,W (1668)-Bartl,B (1845) Bayern 2014}) 14. Nc4 Qe7 15. Ne5 Nxe5 16. Qxe5 O-O-O 17. O-O-O Rhg8 18. g3 Qg5+ 19. Kb1 Qg7 (19... Rd5 {feels hotter.} 20. Qe2 f4 21. g4 h5 22. f3 Qf6) 20. Rde1 Qxe5 21. Rxe5 $11 {[%mdl 4096] Endgame KRR-KRR} Rd5 22. Rhe1 Kd7 23. Rxd5+ cxd5 {KR-KR} 24. Kc2 h5 25. h4 ({Better is} 25. Kd2 $11) 25... Rg4 26. Kd2 (26. Re3 $11 {remains equal.}) 26... f4 $17 27. Rg1 fxg3 28. fxg3 f5 29. Ke3 Re4+ 30. Kf3 Ke7 31. Rg2 Kf6 32. b3 e5 33. dxe5+ Kxe5 34. Rd2 (34. a4 $15) 34... f4 35. gxf4+ Rxf4+ {[%mdl 64] Double Attack} 36. Kg3 {Strongly threatening Rxd5+!} Rg4+ 37. Kh3 d4 ({Black should try} 37... b5 $17 {Hoping for ...b4.} 38. b4 Rc4) 38. cxd4+ Rxd4 39. Rc2 Rd3+ 40. Kg2 Kf4 41. Rc4+ Ke3 42. Rc5 Rd2+ 43. Kg3 Rxa2 44. Rxh5 Ra3 45. Rb5 b6 46. h5 {And now h6 would win.} Kd4 $2 {[%mdl 8192]} (46... Ra1 $11) 47. h6 Ra1 48. Rh5 $2 (48. h7 Rh1 49. Rb4+ Kc3 50. Rh4 Rxh4 51. Kxh4 Kxb3 52. h8=Q b5 53. Qb8 $1 {[%mdl 512]}) 48... Rg1+ $11 49. Kf4 Rg8 $1 50. h7 Rh8 51. Kf5 {Rh3 is the strong threat.} Rf8+ $2 {[%mdl 8192]} (51... Kc3 $11) 52. Kg6 $2 (52. Ke6 $18 Kc3 53. h8=Q+ Rxh8 54. Rxh8) 52... Rh8 $2 {[%mdl 8192]} (52... Kc3 $11) 53. Kg7 Rc8 54. h8=Q Rxh8 55. Kxh8 {KR-KPP} Kc3 {[#]} 56. Rh3+ $2 (56. Rb5 $1 {mates} Kb2 57. Kg7 Ka1 58. Kf7 Kb2 59. Kg7 Kc3 60. Kf7 Kd2 61. Ke7) 56... Kb4 $1 {The position is equal.} 57. Kg7 a5 58. Kf6 b5 $1 59. Ke5 a4 60. bxa4 bxa4 61. Kd4 {Threatening mate with Rh7.} a3 62. Rh8 {White wants to mate with Rb8+.} Kb3 63. Rb8+ Kc2 $1 64. Ra8 Kb2 65. Kd3 {[%mdl 32768] White really could win this. Accuracy: White = 68%, Black = 64%. . Sensor Board Error (Ke4/e5)?} 1-0

[Event "Stay Safe Play From Home 137"]
[Site "T#645928Emanuel Laske"]
[Date "2020.05.10"]
[Round "6"]
[White "Sfantul321"]
[Black "Weltszmerc"]
[Result "0-1"]
[WhiteElo "1924"]
[BlackElo "2004"]
[Annotator "TA"]
[PlyCount "86"]
[EventDate "2020.05.10"]
[EventType "swiss (blitz)"]

{[%evp 9,85,-95,-95,-157,-158,-193,-125,-169,-177,-245,-244,-242,-237,-225,-172,-168,-135,-190,-118,-205,-213,-235,-83,-87,-35,-32,-28,-50,-12,-77,-78,-76,-87,-100,-25,-18,-22,-120,-120,-106,-117,-123,-108,-105,-88,-292,-292,-279,-260,-364,-343,-462,-455,-454,-437,-614,-600,-760,-545,-533,-515,-545,-523,-624,-621,-610,-597,-29983,-29984,-29984,-1646,-1694,-1642,-1995,-1329,-29983,-29984,-29999]} 1. c4 Nf6 2. Nc3 b6 3. g3 Bb7 {[#]} 4. e4 $146 ({Predecessor:} 4. Nf3 e6 5. Bg2 Be7 6. O-O O-O 7. a3 c5 8. Rb1 d5 9. cxd5 Nxd5 10. Qc2 Nc6 11. Nxd5 exd5 12. d3 Rc8 13. Bd2 h6 14. Qd1 a6 {1-0 (40) Kullen,J (1620)-Santos,F (1620) Playchess.com INT 2020}) 4... Nxe4 5. Nxe4 Bxe4 6. f3 {A16: English Opening: 1...Nf6 with ...d5.} (6. Nf3 $142) 6... Bb7 $17 7. Bg2 e6 (7... e5 $19 8. a3 a5) 8. Ne2 {Black is better.} d5 9. O-O (9. b3 $142) 9... dxc4 $19 10. Qa4+ Qd7 11. Qxc4 Be7 12. d4 O-O 13. Bf4 (13. Be3 $17 {was called for.}) 13... Bd6 (13... Ba6 $19 14. Qc2 Nc6) 14. Rac1 (14. Rfe1 $17 {might work better.}) 14... Bxf4 15. Nxf4 c6 $2 (15... Ba6 $19 {and Black stays clearly on top.} 16. Qc3 Bxf1 17. Bxf1 Qd6) 16. Rfd1 $17 Ba6 (16... Qd6 $17) 17. Qc3 Qd6 18. Nd3 Nd7 19. Nb4 (19. Qxc6 $11 {keeps the balance.} Qxc6 20. Rxc6) 19... Bb5 20. f4 {[%cal Rb4c6]} Rac8 21. b3 Nf6 ({Black should play} 21... a5 $17 22. Nc2 Nf6) 22. a4 $1 $11 {[%cal Ra4b5]} a5 23. Nc2 (23. axb5 $11 axb4 24. Qc2) 23... Ba6 $36 {[%mdl 2048] Black is in control.} 24. Ne3 Nd5 25. Qd2 Nxe3 26. Qxe3 h6 27. d5 $2 {Loses the game.} (27. g4 $17) 27... cxd5 $19 28. Rxc8 Rxc8 29. h3 Qc5 30. Kf2 Qxe3+ 31. Kxe3 {[%mdl 4096] Endgame KRB-KRB} Rc3+ 32. Kd4 (32. Kf2 $142) 32... Rxb3 33. Rc1 Rb4+ 34. Ke5 Bc4 35. Ra1 Kf8 {[#] Hoping for ...Ke7.} 36. f5 Ke7 37. fxe6 f6+ 38. Kf5 Bd3+ 39. Be4 Bxe4+ (39... Rxe4 $142 40. Ra3 Rd4+ 41. Rxd3 Rxd3 42. Kg4 Kxe6 43. h4 g5 44. hxg5 fxg5 45. Kh3 {[#]} Re3 $1 {[%mdl 512]} 46. Kg4 Re4+ 47. Kh3 g4+ 48. Kh2 d4 49. Kh1 d3 50. Kg2 d2 51. Kh2 Re2+ 52. Kh1 d1=Q#) 40. Kf4 Kxe6 41. Ke3 g5 42. g4 Rb3+ 43. Kd4 Rd3# {Accuracy: White = 35%, Black = 58%.} 0-1

[Event "Stay Safe Play From Home 137"]
[Site "T#645928Emanuel Laske"]
[Date "2020.05.10"]
[Round "6"]
[White "Haxhi Baha"]
[Black "XShot"]
[Result "0-1"]
[WhiteElo "1918"]
[BlackElo "2431"]
[Annotator "TA"]
[PlyCount "94"]
[EventDate "2020.05.10"]
[EventType "swiss (blitz)"]

{[%evp 12,94,8,7,28,24,37,10,35,0,0,0,0,0,0,-2,0,0,0,0,0,0,0,-6,0,-66,-79,-85,-66,-164,-174,-261,-256,-357,-162,-154,-129,-146,-106,-443,-154,-620,-616,-650,-776,-752,-760,-777,-760,-744,-729,-809,-785,-1345,-868,-29982,-1603,-29991,-9777,-29989,-29988,-29988,-29983,-29983,-29984,-29984,-29985,-29986,-29987,-29987,-29988,-29988,-29987,-29989,-29989,-29989,-29990,-29992,-29993,-29994,-29994,-29994,-29992,-29992,-29993]} 1. e4 c6 2. d4 d5 3. exd5 cxd5 4. Nf3 Nf6 5. Bd3 Nc6 6. O-O Bg4 7. c3 {[#]} Bh5 $146 {B13: Caro-Kann: Exchange Variation and Panov-Botvinnik Attack.} ({Predecessor:} 7... e6 8. Bf4 Bd6 9. Bxd6 Qxd6 10. Nbd2 O-O 11. Re1 Rab8 12. a4 Qc7 13. Qb3 Bxf3 14. Nxf3 a6 15. Qa3 Na5 16. Ne5 Rfe8 17. h3 Nd7 18. Nf3 Nc4 19. Bxc4 Qxc4 {1-0 (58) Artemiev,V (2746)-Grischuk,A (2759) chess.com INT 2019}) 8. Re1 Bg6 9. h3 e6 {The position is equal.} 10. Ne5 Nxe5 11. dxe5 Nd7 12. Bxg6 hxg6 13. Bf4 Be7 14. Nd2 O-O 15. Nf3 b5 16. Qd2 a5 17. Rad1 b4 18. h4 ({White should try} 18. c4 $11) 18... bxc3 ({Reject} 18... Bxh4 $6 19. c4 $1 $11 {[%mdl 512]}) 19. bxc3 Rc8 20. h5 ({White should play} 20. Be3 $15) 20... gxh5 $19 21. Ng5 (21. Qc2 $142) 21... Rc4 22. Be3 Rg4 (22... Nxe5 $142 {Threatens to win with ...Rg4.} 23. Nh3 Ng4) 23. Nf3 Nc5 24. Nd4 Ne4 25. Qe2 $2 {[%mdl 8192]} (25. Qc2 $17 {is more resistant.} Rg6 26. f3) 25... Bc5 $2 (25... Nxc3 $19 26. Qc2 Nxd1 27. Rxd1 Qd7) 26. Kf1 $2 {Loses the game.} (26. Qc2 $17 Rg6 27. c4) 26... Nxc3 27. Qd3 Nxd1 28. Rxd1 Bxd4 29. Bxd4 Qh4 30. Kg1 Qg5 31. Qf3 Rc8 {...Rc1 is the strong threat.} 32. Re1 Qg6 33. Qa3 Rxd4 (33... Rxg2+ $142 34. Kh1 Rg4 35. Qh3 Rxd4 36. a3 Rc2 37. Rg1 Qe4+ {[%mdl 64] Double Attack} 38. Rg2 Rxf2 39. Qg3 Rxg2 40. Qxg2 Rd1+ 41. Kh2 Qh4+ 42. Qh3 Rd2+ 43. Kg1 Qxh3 44. a4 Qg2#) 34. Qxa5 {[#]} Rdc4 (34... Rg4 $142 $1 35. g3 {[#]} Rxg3+ $1 {[%mdl 576] Demolition} 36. fxg3 Qxg3+ 37. Kf1 Rc2 38. Re2 Qf4+ 39. Kg1 Rxe2 40. Qa8+ Kh7 41. Qc8 Qh2+ 42. Kf1 Qg2#) 35. g3 Rc1 {Black mates.} 36. Kg2 Rxe1 37. Qxe1 Qe4+ 38. Qxe4 dxe4 {[%mdl 4096] Endgame KR-KP} 39. Kf1 Ra8 40. Ke2 Rxa2+ {KR-K3P} 41. Ke3 Ra4 42. f4 g6 43. f5 gxf5 44. Kf4 Ra3 45. Kg5 Rxg3+ 46. Kf6 Rg6+ 47. Ke7 e3 {Accuracy: White = 29%, Black = 59%.} 0-1

[Event "Stay Safe Play From Home 137"]
[Site "T#645928Emanuel Laske"]
[Date "2020.05.10"]
[Round "6"]
[White "Zacko1"]
[Black "Emresenar"]
[Result "0-1"]
[WhiteElo "1823"]
[BlackElo "1584"]
[Annotator "NA RC"]
[PlyCount "66"]
[EventDate "2020.05.10"]
[EventType "swiss (blitz)"]

1. c4 {[%emt 0:00:01]} g6 {[%emt 0:00:01]} 2. Nc3 {[%emt 0:00:01]} Bg7 {[%emt 0:00:00]} 3. g3 {[%emt 0:00:00]} e6 {[%emt 0:00:01]} 4. Bg2 {[%emt 0:00:00]} Ne7 {[%emt 0:00:00]} 5. e4 {[%emt 0:00:00]} O-O {[%emt 0:00:01]} 6. Nge2 {[%emt 0:00:01]} c6 {[%emt 0:00:00]} 7. d4 {[%emt 0:00:01]} d5 {[%emt 0:00:00]} 8. cxd5 {[%emt 0:00:01]} cxd5 {[%emt 0:00:00]} 9. e5 {[%emt 0:00:00]} Nbc6 {[%emt 0:00:01]} 10. O-O {[%emt 0:00:00]} Nf5 {[%emt 0:00:00]} 11. a3 {[%emt 0:00:11]} Qb6 {[%emt 0:00:01]} 12. Na4 {[%emt 0:00:02]} Qa5 {[%emt 0:00:02]} 13. b4 {[%emt 0:00:02]} Qc7 {[%emt 0:00:02]} 14. Bb2 {[%emt 0:00:03]} b6 {[%emt 0:00:01]} 15. Rc1 {[%emt 0:00:01]} Ba6 {[%emt 0:00:02]} 16. Nac3 {[%emt 0:00:01]} Ncxd4 {[%emt 0:00:07]} 17. Nxd4 {[%emt 0:00:15]} Bxf1 {[%emt 0:00:01]} 18. Bxf1 {[%emt 0:00:06]} Nxd4 {[%emt 0:00:06]} 19. Nxd5 {[%emt 0:00:01]} Qxe5 {[%emt 0:00:05]} 20. Ne7+ {[%emt 0:00:08]} Kh8 {[%emt 0:00:02]} 21. Bxd4 {[%emt 0:00:02]} Qxd4 {[%emt 0:00:00]} 22. Qxd4 {[%emt 0:00:01]} Bxd4 {[%emt 0:00:00]} 23. Rc7 {[%emt 0:00:00]} Bf6 {[%emt 0:00:03]} 24. Nxg6+ {[%emt 0:00:00]} hxg6 {[%emt 0:00:02]} 25. Bd3 {[%emt 0:00:01]} Kg7 {[%emt 0:00:03]} 26. g4 {[%emt 0:00:01]} Rfc8 {[%emt 0:00:01]} 27. g5 {[%emt 0:00:00]} Rxc7 {[%emt 0:00:02]} 28. gxf6+ {[%emt 0:00:00]} Kxf6 {[%emt 0:00:01]} 29. Be4 {[%emt 0:00:00]} Rc1+ {[%emt 0:00:01]} 30. Kg2 {[%emt 0:00:01]} Rac8 {[%emt 0:00:00]} 31. f3 {[%emt 0:00:00]} R8c2+ {[%emt 0:00:00]} 32. Kg3 {[%emt 0:00:00]} Rc4 {[%emt 0:00:01]} 33. Bc2 {[%emt 0:00:00]} R1xc2 {[%emt 0:00:01] Zeit (Lag: Av=0.53s, max=1.1s)} 0-1

[Event "Stay Safe Play From Home 137"]
[Site "T#645928Emanuel Laske"]
[Date "2020.05.10"]
[Round "6"]
[White "Chase the sun"]
[Black "Fischer_11"]
[Result "1-0"]
[WhiteElo "1770"]
[BlackElo "1943"]
[Annotator "TA"]
[PlyCount "61"]
[EventDate "2020.05.10"]
[EventType "swiss (blitz)"]

{[%evp 15,61,10,22,-9,-2,-17,13,-25,16,18,37,47,44,-10,20,0,6,12,16,-6,-8,-4,0,0,17,20,20,14,31,28,22,5,150,141,146,150,579,556,1074,1056,1116,554,2649,2679,29989,29990,29990,29991]} 1. e4 Nf6 2. e5 Nd5 3. d4 d6 4. exd6 cxd6 5. Nf3 g6 6. Be2 Bg7 7. O-O O-O 8. c3 Nc6 9. Na3 {B03: Alekhine's Defence: Four Pawns Attack.} a6 10. Nc2 {[#]} b5 $146 ({Predecessor:} 10... h6 11. Re1 e5 12. Bc4 Nb6 13. Bb3 Qc7 14. Ne3 Kh7 15. a4 a5 16. Nf1 Bg4 17. dxe5 dxe5 {0-1 (71) Savic,D (2174)-Brajic,M (2235) Novi Sad 2012}) 11. Ne3 {The position is equal.} Nxe3 12. Bxe3 e5 13. dxe5 dxe5 14. Qb3 ({White should play} 14. Bc5 $14) 14... Bb7 15. Rfd1 Qe7 16. a4 Na5 17. Qb4 Qxb4 18. cxb4 Nb3 19. Ra3 $36 {[%mdl 2048] White is more active.} Nd4 20. Nxd4 exd4 21. Bxd4 Bxd4 22. Rxd4 Rfe8 23. Kf1 (23. Rd2 {is interesting.} bxa4 24. Rxa4 Bc6 25. Ra2 Rab8 26. f3) 23... Bxg2+ (23... bxa4 $11 {keeps the balance.} 24. g3 Bg2+ 25. Kxg2 Rxe2) 24. Kxg2 $16 {[#] Black must now prevent Kf3.} Rxe2 25. axb5 Rxb2 $2 {This costs Black the game.} (25... Re6 $16 26. Rd5 Kg7) 26. bxa6 $11 {[%cal Bb5a6,Ba6a7][%mdl 32] KRR-KRR} Rb8 27. a7 Ra8 28. Rd7 (28. Ra4 $142 Kg7 29. Rd7) 28... Kf8 29. Rb7 Ke8 30. Rb8+ {[%mdl 64] [#] Double Attack} Ke7 31. Rxa8 {Accuracy: White = 67%, Black = 33%.} 1-0

[Event "Stay Safe Play From Home 137"]
[Site "T#645928Emanuel Laske"]
[Date "2020.05.10"]
[Round "6"]
[White "Haris kollari 13"]
[Black "Trotsky"]
[Result "1-0"]
[WhiteElo "1710"]
[BlackElo "1667"]
[Annotator "NA RC"]
[PlyCount "65"]
[EventDate "2020.05.10"]
[EventType "swiss (blitz)"]

1. e4 {[%emt 0:00:01]} c5 {[%emt 0:00:01]} 2. f4 {[%emt 0:00:01]} e6 {[%emt 0:00:00]} 3. Nf3 {[%emt 0:00:01]} d5 {[%emt 0:00:01]} 4. e5 {[%emt 0:00:01]} Nc6 {[%emt 0:00:01]} 5. c3 {[%emt 0:00:01]} Qc7 {[%emt 0:00:00]} 6. d4 {[%emt 0:00:01]} Bd7 {[%emt 0:00:00]} 7. Be3 {[%emt 0:00:01]} c4 {[%emt 0:00:03]} 8. Be2 {[%emt 0:00:01]} O-O-O {[%emt 0:00:01]} 9. Nbd2 {[%emt 0:00:01]} f6 {[%emt 0:00:00]} 10. O-O {[%emt 0:00:01]} fxe5 {[%emt 0:00:01]} 11. fxe5 {[%emt 0:00:01]} h5 {[%emt 0:00:01]} 12. b3 {[%emt 0:00:01]} Nh6 {[%emt 0:00:02]} 13. h3 {[%emt 0:00:05]} Nf5 {[%emt 0:00:05]} 14. Bg5 {[%emt 0:00:03]} Be7 {[%emt 0:00:02]} 15. bxc4 {[%emt 0:00:03]} Bxg5 {[%emt 0:00:02]} 16. Nxg5 {[%emt 0:00:01]} Rdf8 {[%emt 0:00:02]} 17. cxd5 {[%emt 0:00:01]} exd5 {[%emt 0:00:01]} 18. Bf3 {[%emt 0:00:01]} Nxe5 {[%emt 0:00:01]} 19. dxe5 {[%emt 0:00:03]} Qxe5 {[%emt 0:00:01]} 20. Qe1 {[%emt 0:00:04]} Qd6 {[%emt 0:00:04]} 21. c4 {[%emt 0:00:03]} d4 {[%emt 0:00:03]} 22. c5 {[%emt 0:00:01]} Qf4 {[%emt 0:00:05]} 23. Nge4 {[%emt 0:00:02]} Qh6 {[%emt 0:00:02]} 24. Nd6+ {[%emt 0:00:03]} Kb8 {[%emt 0:00:03]} 25. Nxf5 {[%emt 0:00:03]} Bxf5 {[%emt 0:00:01]} 26. Nc4 {[%emt 0:00:01]} Bg4 {[%emt 0:00:03]} 27. hxg4 {[%emt 0:00:04]} hxg4 {[%emt 0:00:01]} 28. Qe5+ {[%emt 0:00:03]} Ka8 {[%emt 0:00:02]} 29. Nd6 {[%emt 0:00:02]} Qh1+ {[%emt 0:00:02]} 30. Kf2 {[%emt 0:00:01]} Qh4+ {[%emt 0:00:02]} 31. Ke2 {[%emt 0:00:01]} gxf3+ {[%emt 0:00:04]} 32. gxf3 {[%emt 0:00:01]} Qh2+ {[%emt 0:00:01]} 33. Kd3 {[%emt 0:00:01] Âðåìÿ (Lag: Av=0.34s, max=1.0s) '} 1-0

[Event "Stay Safe Play From Home 137"]
[Site "T#645928Emanuel Laske"]
[Date "2020.05.10"]
[Round "6"]
[White "Edmatuag"]
[Black "Nagaram"]
[Result "1-0"]
[WhiteElo "1701"]
[BlackElo "1516"]
[Annotator "NA RC"]
[PlyCount "61"]
[EventDate "2020.05.10"]
[EventType "swiss (blitz)"]

1. e4 {[%emt 0:00:01]} e5 {[%emt 0:00:01]} 2. Nf3 {[%emt 0:00:00]} Nc6 {[%emt 0:00:01]} 3. Bb5 {[%emt 0:00:01]} Nf6 {[%emt 0:00:01]} 4. Bxc6 {[%emt 0:00:01]} dxc6 {[%emt 0:00:01]} 5. Nxe5 {[%emt 0:00:00]} Ke7 {[%emt 0:00:01]} 6. Nf3 {[%emt 0:00:02]} Ke8 {[%emt 0:00:01]} 7. Qe2 {[%emt 0:00:01]} Qe7 {[%emt 0:00:02]} 8. d3 {[%emt 0:00:00]} Bg4 {[%emt 0:00:04]} 9. Bg5 {[%emt 0:00:01]} Bxf3 {[%emt 0:00:02]} 10. Qxf3 {[%emt 0:00:02]} Qe5 {[%emt 0:00:01]} 11. Bxf6 {[%emt 0:00:02]} gxf6 {[%emt 0:00:00]} 12. c3 {[%emt 0:00:02]} Rd8 {[%emt 0:00:03]} 13. d4 {[%emt 0:00:01]} Qe6 {[%emt 0:00:01]} 14. Nd2 {[%emt 0:00:01]} Bd6 {[%emt 0:00:02]} 15. Qf5 {[%emt 0:00:01]} Rg8 {[%emt 0:00:02]} 16. O-O {[%emt 0:00:02]} Qxf5 {[%emt 0:00:05]} 17. exf5 {[%emt 0:00:01]} Rd7 {[%emt 0:00:01]} 18. f3 {[%emt 0:00:03]} Kd8 {[%emt 0:00:01]} 19. Rae1 {[%emt 0:00:01]} c5 {[%emt 0:00:01]} 20. Ne4 {[%emt 0:00:01]} cxd4 {[%emt 0:00:01]} 21. Nxf6 {[%emt 0:00:01]} Rg7 {[%emt 0:00:03]} 22. Nxd7 {[%emt 0:00:01]} Kxd7 {[%emt 0:00:00]} 23. cxd4 {[%emt 0:00:00]} Bb4 {[%emt 0:00:03]} 24. Re4 {[%emt 0:00:03]} c5 {[%emt 0:00:01]} 25. f6 {[%emt 0:00:01]} Rg6 {[%emt 0:00:01]} 26. Rf4 {[%emt 0:00:03]} cxd4 {[%emt 0:00:01]} 27. Rxd4+ {[%emt 0:00:01]} Bd6 {[%emt 0:00:01]} 28. Rfd1 {[%emt 0:00:02]} Rxf6 {[%emt 0:00:03]} 29. g4 {[%emt 0:00:01]} Ke7 {[%emt 0:00:02]} 30. Rxd6 {[%emt 0:00:00]} Re6 {[%emt 0:00:01]} 31. Rxe6+ {[%emt 0:00:01] Nagaram resigns (Lag: Av=0.61s, max=0.9s)} 1-0

[Event "Stay Safe Play From Home 137"]
[Site "T#645928Emanuel Laske"]
[Date "2020.05.10"]
[Round "7"]
[White "Mepe_Nika"]
[Black "Chase the sun"]
[Result "1-0"]
[WhiteElo "2315"]
[BlackElo "1795"]
[Annotator "TA"]
[PlyCount "31"]
[EventDate "2020.05.10"]
[EventType "swiss (blitz)"]

{[%evp 9,31,47,41,47,51,56,56,56,138,92,89,92,86,70,117,110,108,100,177,174,558,555,907,997]} 1. d4 e6 2. e4 d5 3. Bd3 c5 4. exd5 Qxd5 5. Nc3 Qd8 6. Nf3 {C01: French: Exchange Variation.} Nc6 7. Be3 Nf6 {[%cal Rc5d4]} 8. dxc5 {[#] White is slightly better.} Be7 $146 (8... Ng4 $1 $14) ({Predecessor:} 8... Qa5 9. Nd2 Ne5 10. Nb3 Qc7 11. Nb5 Qb8 12. Qd2 Bd7 13. Be2 Nd5 14. O-O-O a6 15. Nc3 Nxe3 16. Qxe3 Qc7 17. f4 Ng6 18. Nd5 {1-0 (18) Romero Holmes,A (2521)-Leunis,G (2274) Pula 2012}) 9. Bb5 O-O 10. Qxd8 Rxd8 11. Ke2 Nd5 12. Nxd5 exd5 13. Rhd1 d4 (13... a6 $16 14. Ba4 Na5) 14. Nxd4 $18 Bxc5 $2 (14... Nb4 {is a better chance.} 15. c6 Nd5) 15. Nxc6 {[%mdl 64] [#] Discovered Attack} bxc6 16. Rxd8+ {Accuracy: White = 91%, Black = 30%.} 1-0